LIBRARY ONLINE CATALOGUE

Even better than Eden : (Record no. 21749)

MARC details
000 -LEADER
fixed length control field 01655cam a2200397 i 4500
001 - CONTROL NUMBER
control field 20346271
003 - CONTROL NUMBER IDENTIFIER
control field OSt
005 - DATE AND TIME OF LATEST TRANSACTION
control field 20260702105223.0
008 - FIXED-LENGTH DATA ELEMENTS--GENERAL INFORMATION
fixed length control field 180205s2018 ilua b 001 0 eng
010 ## - LIBRARY OF CONGRESS CONTROL NUMBER
LC control number 2018000252
020 ## - INTERNATIONAL STANDARD BOOK NUMBER
International Standard Book Number 9781433561252
Qualifying information tp
035 ## - SYSTEM CONTROL NUMBER
System control number 20346271
040 ## - CATALOGING SOURCE
Original cataloging agency DLC
Language of cataloging eng
Transcribing agency DLC
Description conventions rda
Modifying agency DLC
042 ## - AUTHENTICATION CODE
Authentication code pcc
050 00 - LIBRARY OF CONGRESS CALL NUMBER
Classification number BT94
Item number .G875 2018
082 00 - DEWEY DECIMAL CLASSIFICATION NUMBER
Classification number 231.7
Edition number 23
100 1# - MAIN ENTRY--PERSONAL NAME
Personal name Guthrie, Nancy,
Relator term author.
245 10 - TITLE STATEMENT
Title Even better than Eden :
Remainder of title nine ways the Bible's story changes everything about your story /
Statement of responsibility, etc. Nancy Guthrie.
264 #1 - PRODUCTION, PUBLICATION, DISTRIBUTION, MANUFACTURE, AND COPYRIGHT NOTICE
Place of production, publication, distribution, manufacture Wheaton, Illinois :
Name of producer, publisher, distributor, manufacturer Crossway,
Date of production, publication, distribution, manufacture, or copyright notice [2018]
300 ## - PHYSICAL DESCRIPTION
Extent 202 pages :
Other physical details illustrations ;
Dimensions 22 cm
336 ## - CONTENT TYPE
Content type term text
Content type code txt
Source rdacontent
337 ## - MEDIA TYPE
Media type term unmediated
Media type code n
Source rdamedia
338 ## - CARRIER TYPE
Carrier type term volume
Carrier type code nc
Source rdacarrier
504 ## - BIBLIOGRAPHY, ETC. NOTE
Bibliography, etc Includes bibliographical references and index.
505 0# - FORMATTED CONTENTS NOTE
Formatted contents note The story of the wilderness -- The story of the tree -- The story of his image -- The story of clothing -- The story of the bridegroom -- The story of Sabbath -- The story of the offspring -- The story of a dwelling place -- The story of the city.
583 ## - ACTION NOTE
Action Cataloguing:
Time/date of action 20260702
Action agent gtanuigtanui
600 00 - SUBJECT ADDED ENTRY--PERSONAL NAME
Personal name Jesus Christ
General subdivision Kingdom.
630 00 - SUBJECT ADDED ENTRY--UNIFORM TITLE
Uniform title Bible
General subdivision Theology.
650 #0 - SUBJECT ADDED ENTRY--TOPICAL TERM
Topical term or geographic name as entry element Kingdom of God.
650 #0 - SUBJECT ADDED ENTRY--TOPICAL TERM
Topical term or geographic name as entry element Eschatology.
650 #0 - SUBJECT ADDED ENTRY--TOPICAL TERM
Topical term or geographic name as entry element Heaven
General subdivision Christianity.
776 08 - ADDITIONAL PHYSICAL FORM ENTRY
Relationship information Online version:
Main entry heading Guthrie, Nancy, author.
Title Even better than Eden
Place, publisher, and date of publication Wheaton : Crossway, 2018
International Standard Book Number 9781433561269
Record control number (DLC) 2018026076
906 ## - LOCAL DATA ELEMENT F, LDF (RLIN)
a 7
b cbc
c orignew
d 1
e ecip
f 20
g y-gencatlg
942 ## - ADDED ENTRY ELEMENTS (KOHA)
Source of classification or shelving scheme Library of Congress Classification
Koha item type General Collection
Holdings
Withdrawn status Lost status Source of classification or shelving scheme Not for loan Home library Current library Shelving location Date acquired Source of acquisition Inventory number Total Checkouts Full call number Barcode Date last seen Copy number Price effective from Koha item type
    Library of Congress Classification   Kabarak, Main Campus Kabarak, Main Campus General Stacks 02/07/2026 Donation 2026/4395   BT94 .G875 2018 C.1 38113 02/07/2026 C.1 02/07/2026 General Collection